| 000 | 00449nam a2200157Ia 4500 | ||
|---|---|---|---|
| 008 | 210716s2015 xx 000 0 und d | ||
| 020 | _a9789350390993 | ||
| 041 | _aeng | ||
| 082 | _a336.294 MANT | ||
| 100 | _aManoharan, T N;Hari, G R. | ||
| 245 |
_aDirect tax laws: assessment year 2015-16. _bAssessment year 2015-16. |
||
| 250 | _a25 | ||
| 260 |
_aMumbai _bSnow White Publications Pvt Ltd _c2015 |
||
| 300 | _alxviii,1048 | ||
| 650 | _aTaxation | ||
| 999 |
_c208922 _d208922 |
||